Gestión financiera de las organizaciones (Registro nro. 2414)

Detalles MARC
000 -LEADER
fixed length control field 01876 a2200409 4500
001 - CONTROL NUMBER
control field 34074
005 - DATE AND TIME OF LATEST TRANSACTION
control field 20260407155630.0
008 - FIXED-LENGTH DATA ELEMENTS--GENERAL INFORMATION
fixed length control field 260407a2012 arg spa d
003 - CONTROL NUMBER IDENTIFIER
control field AR-UNSa-BCEJYS
040 ## - CATALOGING SOURCE
Original cataloging agency AR-UNSa-BCEJYS
Language of cataloging spa
Transcribing agency AR-UNSa-BCEJYS
080 ## - UNIVERSAL DECIMAL CLASSIFICATION NUMBER
Universal Decimal Classification number 658.15
Common auxiliary subdivision Administración financiera privada. Gestión financiera de empresas<br/>
020 ## - INTERNATIONAL STANDARD BOOK NUMBER
International Standard Book Number 978-950-23-1913-1
041 ## - LANGUAGE CODE
Language code of text/sound track or separate title spa
100 1# - MAIN ENTRY--PERSONAL NAME
Personal name Albornoz, César Humberto
245 10 - TITLE STATEMENT
Title Gestión financiera de las organizaciones
264 #1 - PRODUCTION, PUBLICATION, DISTRIBUTION, MANUFACTURE, AND COPYRIGHT NOTICE
Place of production, publication, distribution, manufacture Buenos Aires :
Name of producer, publisher, distributor, manufacturer EUDEBA (Editorial Universitaria de Buenos Aires)
Date of production, publication, distribution, manufacture, or copyright notice 2012
300 ## - PHYSICAL DESCRIPTION
Extent 558 p.
Dimensions 24 cm.
505 ## - FORMATTED CONTENTS NOTE
Formatted contents note 1. Función fianciera - 2. Conceptos de análisis financiero - 3. Presupuesto y flujo de fondos - 4. Control presupuestario y de gestión - 5. Administración del capital de trabajo - 6. Decisiones de inversión - 7. Decisiones bajo riesgo de incertidumbre - 9. Costo de capital - 10. Fuentes de financiamiento - 11. Política de dividendos - 12. Estructura de capital - 13. Sistema financiero: Conceptos básicos, funcionamiento y evolución temporal - 14. Mercado de capitales: características, funcionamiento, instituciones, instrumentos y operaciones.<br/>
590 ## - LOCAL NOTE (RLIN)
Local note niveau_biblio:m niveau_hierar:0
700 1# - ADDED ENTRY--PERSONAL NAME
Personal name Aire, Carlos
700 1# - ADDED ENTRY--PERSONAL NAME
Personal name Chernitzky, Karina
700 1# - ADDED ENTRY--PERSONAL NAME
Personal name Ariganello, Claudio
700 1# - ADDED ENTRY--PERSONAL NAME
Personal name Freschero, Fernando
700 1# - ADDED ENTRY--PERSONAL NAME
Personal name Barrera, Luis
700 1# - ADDED ENTRY--PERSONAL NAME
Personal name Ochonga, Alfredo
700 1# - ADDED ENTRY--PERSONAL NAME
Personal name Barthe Dennin, Solange
700 1# - ADDED ENTRY--PERSONAL NAME
Personal name Painelli, Flavia
700 1# - ADDED ENTRY--PERSONAL NAME
Personal name Farroni, José Luis
700 1# - ADDED ENTRY--PERSONAL NAME
Personal name Sucasas, Sergio D.
700 1# - ADDED ENTRY--PERSONAL NAME
Personal name Marcos, Damián J.
700 1# - ADDED ENTRY--PERSONAL NAME
Personal name Zupink, Yanina
700 1# - ADDED ENTRY--PERSONAL NAME
Personal name Porto, José M.
700 1# - ADDED ENTRY--PERSONAL NAME
Personal name Tapia, Gustavo N.
700 1# - ADDED ENTRY--PERSONAL NAME
Personal name Vélez Pareja, Ignacio
856 41 - ELECTRONIC LOCATION AND ACCESS
Uniform Resource Identifier <a href="https://biblioeco.unsa.edu.ar/pmb/images/libros/gestion_finaciera_org.jpg">https://biblioeco.unsa.edu.ar/pmb/images/libros/gestion_finaciera_org.jpg</a>
Link text Imagen de portada
Electronic format type image/jpeg
942 ## - ADDED ENTRY ELEMENTS (KOHA)
Koha item type
Existencias
Withdrawn status Lost status Damaged status Not for loan Home library Current library Shelving location Date acquired Total checkouts Full call number Barcode Date last seen Price effective from Koha item type
        Biblioteca Prof. Eusebio Cleto del Rey Biblioteca Prof. Eusebio Cleto del Rey   07/04/2026   658.15 A339g L125399 07/04/2026 07/04/2026 Libro
        Biblioteca Prof. Eusebio Cleto del Rey Biblioteca Prof. Eusebio Cleto del Rey   07/04/2026   658.15 A339g L125400 07/04/2026 07/04/2026 Libro
        Biblioteca Prof. Eusebio Cleto del Rey Biblioteca Prof. Eusebio Cleto del Rey   07/04/2026   658.15 A339g L125401 07/04/2026 07/04/2026 Libro